| 000 | 00761cab a2200253 4500 | ||
|---|---|---|---|
| 001 | WB3232-53 | ||
| 008 | 090401t1996 xxu||||| |||| 00| 0 eng d | ||
| 035 | _a(Sirsi) u73905 | ||
| 041 | _aeng | ||
| 245 | _aDiminution in value - but when? | ||
| 260 | _c1996 | ||
| 350 | _a0 | ||
| 490 |
_aEstates Gazette _v(9634) 24 August 1996, 92(1) |
||
| 520 | _aDiscusses how the principle that, when assessing damages, "the court should not speculate when it knows" was applied in two recent cases. | ||
| 650 | _aASSESSMENT OF DAMAGES | ||
| 650 | _aCONVEYANCING | ||
| 650 | _aDAMAGES | ||
| 650 | _aKENNEDY V VAN EMDEN | ||
| 650 | _aKIDD V DALE & NEWBERY | ||
| 650 | _aWAPSHOTT V DAVIES DONOVAN & CO | ||
| 690 | _aLAW | ||
| 942 | _n0 | ||
| 948 | _c04/03/1997 | ||
| 999 |
_c46644 _d46644 |
||